00901nam a2200217 a 450000100100000000500170001000800410002704000250006808200150009310000340010824500820014225000170022426001430024130000200038449000200040459000260042471000760045083000270052695201130055399900170066600004004620250113110645.0130805s1982 xxu 000 0 spa d aDO-SdBNPbspacBNPHU axxxxbxxxx1 aAlba Andrade, Fernando96630010aAceleradores de particulas /cFernando Alba Andrade ; editora Eva V.Chesneau. a2a. ed. act. aMéxico :bSecretaría General de la Organización de los Estados AmericanosbPrograma Regional de Desarrollo y Técnológico,c1982. a66 p. ;c25 cm.1 aMonografíav7 aInventariado, 2019/BT1 a Organización de los Estados AmericanosbSecretaría General 966301 0aMonografían7966302 001050718MOaGRbGRcHDd2013-08-05iLF1l0oxxxx xxxxp40046-10r2020-06-25w2020-06-25y1ZNo se presta c39536d39536